Los límites de la tolerancia y el sujeto universal
Kaydedildi:
| Yazar: | |
|---|---|
| Materyal Türü: | Kitap |
| Dil: | Undetermined |
| Baskı/Yayın Bilgisi: |
San José, Costa Rica
Sistema de Estudios de Posgrado, Universidad de Costa Rica
2001
|
| Konular: | |
| Etiketler: |
Etiketle
Etiket eklenmemiş, İlk siz ekleyin!
|
MARC
| LEADER | 00000nam a2200000Ia 4500 | ||
|---|---|---|---|
| 008 | 170316s9999 xx 000 0 und d | ||
| 040 | |a cru BVZT | ||
| 090 | |a TESIS 663 | ||
| 100 | |a Ocampo Álvarez, Ángel | ||
| 245 | |a Los límites de la tolerancia y el sujeto universal | ||
| 260 | |a San José, Costa Rica | ||
| 260 | |b Sistema de Estudios de Posgrado, Universidad de Costa Rica | ||
| 260 | |c 2001 | ||
| 300 | |a 267 páginas | ||
| 650 | |a SISTEMA DE ESTUDIOS DE POSGRADO | ||
| 650 | |a MAGÍSTER PHILOSOPHIAE | ||
| 650 | |a TRABAJO FINAL DE GRADUACIÓN |9 237 | ||
| 650 | 0 | |a LIBERTAD INDIVIDUAL |9 246 | |
| 650 | 0 | |a FILOSOFÍA-TOLERANCIA |9 248 | |
| 650 | 0 | |a JOHN LOCKE |9 247 |y (1637-1704) | |
| 650 | 0 | |a VOLTAIRE-FRANÇOIS-MARIE AROUET |y (1694-1778) |9 245 | |
| 650 | 0 | |a DAVID HUME |9 249 |y (1711-1776) | |
| 650 | 0 | |a JEAN-JACQUES ROUSSEAU |9 250 |y (1712-1778) | |
| 942 | |c TF |2 z | ||
| 999 | |c 30672 |d 30672 | ||
